000
00341nam a2200145Ia 4500
005
20251222152039.0
008
251222s9999||||xx |||||||||||||| ||spa||
020
_a
8484503364
082
_a
813.54/H52
100
_a
Higgins Clark, Mary
245
0
_a
Pálida como La Luna
250
_a
1ra. ed.
264
_b
Plaza & Janés
942
_c
LIB
999
_c
25970
_d
25970